000 nam a22 7a 4500
999 _c331887
_d331887
003 NUST
005 20171031160959.0
008 171031b xxu||||| |||| 00| 0 eng d
040 _c0
082 _a628 COO
100 _aCooper,Robert C.
_95787
245 _aAquatic Microbiology Laboratory Manual
_cRobert C.Cooper
260 _bAEEP
_c1976
300 _aVarious Pages
500 _aP.B
942 _2ddc
_cPR
_kIESE